| 000 | 00757nam a2200205 a 4500 | ||
|---|---|---|---|
| 001 | 000002466 | ||
| 005 | 20200929150210.0 | ||
| 008 | 090702s1986 sp a 001 0 spa d | ||
| 020 | _a8436803353 | ||
| 040 |
_aDO-SdBNP _bspa _cBNPHU |
||
| 082 |
_axxxx _bC395m |
||
| 100 | 1 |
_aCendán Pazos, Fernando _97772 |
|
| 245 | 1 | 0 |
_aMedio siglo de libros infantiles y juveniles en España (1935-1985). / _cCendán Pazos, Fernando ; prólogo Carmen Bravo-Villasante. |
| 260 |
_aMadrid, : _bFundación Germán Sánchez Ruipérez ; Ediciones Pirámide, _c1986. |
||
| 300 |
_a393 p. : _bil. _a22 cm. |
||
| 490 | 0 |
_aBilbioteca del Libro _aMaior |
|
| 500 | _aIncluye índice | ||
| 700 | 1 |
_aBravo-Villasante, Carmen, _epról. _97773 |
|
| 830 | 0 |
_aBibliteca del libro _gMaior _97774 |
|
| 999 |
_c2302 _d2302 |
||